LEADER 03661nam 22007214a 450 001 9910783509203321 005 20230207223823.0 010 $a1-135-60902-0 010 $a1-282-32279-6 010 $a9786612322792 010 $a1-4106-1174-4 035 $a(CKB)1000000000244738 035 $a(EBL)255621 035 $a(OCoLC)475970370 035 $a(SSID)ssj0000237141 035 $a(PQKBManifestationID)11191684 035 $a(PQKBTitleCode)TC0000237141 035 $a(PQKBWorkID)10188282 035 $a(PQKB)10258173 035 $a(MiAaPQ)EBC255621 035 $a(Au-PeEL)EBL255621 035 $a(CaPaEBR)ebr10106640 035 $a(OCoLC)935230985 035 $a(EXLCZ)991000000000244738 100 $a20040107d2005 uy 0 101 0 $aeng 135 $aur|n|---||||| 181 $ctxt 182 $cc 183 $acr 200 00$aRethinking Freire$b[electronic resource] $eglobalization and the environmental crisis /$fedited by C.A. Bowers, Fre?de?rique Apffel-Marglin 210 $aMahwah, N.J. $cLawrence Erlbaum$d2005 215 $a1 online resource (221 p.) 225 1 $aSociocultural, political, and historical studies in education 300 $aDescription based upon print version of record. 311 $a1-138-86685-7 311 $a0-8058-5114-3 320 $aIncludes bibliographical references and indexes. 327 $aContents; Preface; About the Editors and Contributors; Introduction; 1 From a Pedagogy for Liberation to Liberation From Pedagogy; 2 Nurturance in the Andes; 3 Who Are the Oppressed?; 4 Vernacular Education for Cultural Regeneration: An Alternative to Paulo Freire's Vision of Emancipation; 5 From Conscientization to Interbeing: A Personal Journey; 6 Whose Oppression Is This? The Cultivation of Compassionate Action in Dissolving the Dualistic Barrier; 7 Cease to Do Evil, Then Learn to Do Good (A Pedagogy for the Oppressor) 327 $a8 How the Ideas of Paulo Freire Contribute to the Cultural Roots of the Ecological CrisisAfterword; Author Index; Subject Index 330 $aThis landmark collection of essays by Third World activists highlights two major world changes which, they argue, have been neglected by Freire and his many followers: the Third World grass-roots cultural resistance to economic globalization, and the ecological crisis.One source of the activist-authors' criticisms of Freire's pedagogy is rooted in their attempts to combine consciousness raising with literacy programs in such diverse cultural settings as Bolivia, Peru, India, Southern Mexico, and Cambodia, where they discovered that Freire's pedagogy is based on western assumptions that 410 0$aSociocultural, political, and historical studies in education. 606 $aGlobalization$xEconomic aspects$zDeveloping countries 606 $aEnvironmental degradation$zDeveloping countries 606 $aGlobalization$xSocial aspects$zDeveloping countries 606 $aHuman ecology$xSocial aspects$zDeveloping countries 606 $aEnvironmental education$zDeveloping countries 607 $aDeveloping countries$xEconomic conditions 615 0$aGlobalization$xEconomic aspects 615 0$aEnvironmental degradation 615 0$aGlobalization$xSocial aspects 615 0$aHuman ecology$xSocial aspects 615 0$aEnvironmental education 676 $a337/.09172/4 701 $aBowers$b C. A$01462371 701 $aApffel-Marglin$b Fre?de?rique$0375044 801 0$bMiAaPQ 801 1$bMiAaPQ 801 2$bMiAaPQ 906 $aBOOK 912 $a9910783509203321 996 $aRethinking Freire$93778186 997 $aUNINA LEADER 04260nam 22006255 450 001 9910155534003321 005 20200703162841.0 010 $a981-10-2522-3 024 7 $a10.1007/978-981-10-2522-8 035 $a(CKB)3710000000975067 035 $a(DE-He213)978-981-10-2522-8 035 $a(MiAaPQ)EBC4770696 035 $a(PPN)197454054 035 $a(EXLCZ)993710000000975067 100 $a20161215d2016 u| 0 101 0 $aeng 135 $aurnn|008mamaa 181 $ctxt$2rdacontent 182 $cc$2rdamedia 183 $acr$2rdacarrier 200 10$aArtificial Rearing of Reduviid Predators for Pest Management /$fby K. Sahayaraj, R. Balasubramanian 205 $a1st ed. 2016. 210 1$aSingapore :$cSpringer Singapore :$cImprint: Springer,$d2016. 215 $a1 online resource (XVI, 180 p. 26 illus., 13 illus. in color.) 311 $a981-10-2521-5 320 $aIncludes bibliographical references at the end of each chapters and index. 327 $aChapter 1. Reduviid: An Important Biological Control Agent -- Chapter 2. Feeding Behaviour Against Meridic Artificial Diet -- Chapter 3. Biology -- Chapter 4. Gut-Autochthonous Microbes and Their Enzyme Profile -- Chapter 5. Gut Enzyme Profile -- Chapter 6. Body Total Protein and Genomic DNA -- Chapter 7. Field Evaluation. 330 $aThis eye-opening book focuses on the development of techniques to mass-produce reduviid predators and important generalist predators, an endeavor that won?t prove sufficient if the cost of commercialization is prohibitive. Advancing mass production to the level of economic feasibility is critical, so that these new technologies can compete in the open market. This book commences with a review of the diversity of reduviid predators in agro-ecosystems world-wide, followed by chapters on their feeding behavior, biology, gut microbiota, their enzyme profile, body protein and genomics, and DNA and field evaluation reports. The field evaluation of reduviids, a worldwide undertaking, is addressed in the last chapter. Each chapter includes a separate conclusion and future recommendations. Detailed information is also included on ingredients and artificial diet preparation, storage and the impact on predators. The artificial rearing of reduviid predator for crop pest management is an essential reference and teaching tool for teachers, researchers and extension workers in developed and developing countries alike, allowing them to produce reduviid predators and important natural enemies in biocontrol and bio-intensive integrated pest management programs. The book offers an excellent resource for all those who are working on beneficial arthropod mass production. It is also an essential reference guide for agricultural and biological sciences scientists, entomologists, crop protection specialists, extension workers, and consultants. 606 $aPlant diseases 606 $aPlant breeding 606 $aTransgenic organisms 606 $aApplied ecology 606 $aAgriculture 606 $aPlant Pathology$3https://scigraph.springernature.com/ontologies/product-market-codes/L24035 606 $aPlant Breeding/Biotechnology$3https://scigraph.springernature.com/ontologies/product-market-codes/L24060 606 $aTransgenics$3https://scigraph.springernature.com/ontologies/product-market-codes/L25025 606 $aApplied Ecology$3https://scigraph.springernature.com/ontologies/product-market-codes/L19023 606 $aAgriculture$3https://scigraph.springernature.com/ontologies/product-market-codes/L11006 615 0$aPlant diseases. 615 0$aPlant breeding. 615 0$aTransgenic organisms. 615 0$aApplied ecology. 615 0$aAgriculture. 615 14$aPlant Pathology. 615 24$aPlant Breeding/Biotechnology. 615 24$aTransgenics. 615 24$aApplied Ecology. 615 24$aAgriculture. 676 $a571.92 700 $aSahayaraj$b K$4aut$4http://id.loc.gov/vocabulary/relators/aut$01062566 702 $aBalasubramanian$b R$4aut$4http://id.loc.gov/vocabulary/relators/aut 906 $aBOOK 912 $a9910155534003321 996 $aArtificial Rearing of Reduviid Predators for Pest Management$92526687 997 $aUNINA